000 01193cam a2200313 a 4500
999 _c233337
_d233337
001 585958
003 Nust
005 20180117090025.0
008 900312s1989 enka b 001 0 eng
010 _a 90129558
020 _a1853430951
040 _aDLC
_cDLC
050 0 0 _aBF175
_b.C7 1989
082 0 0 _a150.19/5
_220
245 0 0 _aCrises of the self :
_bfurther essays on psychoanalysis and politics /
_cedited by Barry Richards.
260 _aLondon [England] :
_bFree Association Books,
_c1989.
300 _a278 p. :
_bill. ;
_c25 cm.
504 _aIncludes bibliographical references and index.
650 0 _aPsychoanalysis
_xSocial aspects.
650 0 _aSocial problems
_xPsychological aspects.
650 0 _aCivilization, Modern
_y20th century
_xPsychological aspects.
650 0 _aCrises
_xPsychological aspects.
650 0 _aPolitical psychology.
700 1 _aRichards, Barry.
906 _a7
_bcbc
_corignew
_d3
_encip
_f19
_gy-gencatlg
942 _2ddc
_cBK